000
00334pab a2200145 454500
008
180718b1995 xxu||||| |||| 00| 0 eng d
100
_a
Guha Roy, Jaytilak
245
_a
Travesty of judicial discretion
260
_c
1995
300
_a
p.10
362
_a
13 Sep
650
_a
Judiciary
773
_a
Times of India
909
_a
29859
999
_c
29859
_d
29859